Unit operations of chemical engineering (Record no. 3799)

000 -LEADER
fixed length control field 00652nam a2200241 a 4500
001 - CONTROL NUMBER
control field 3799
003 - CONTROL NUMBER IDENTIFIER
control field BD-DhUET
008 - FIXED-LENGTH DATA ELEMENTS--GENERAL INFORMATION
fixed length control field 850523s1985 nyua b 001 0 eng
020 ## - INTERNATIONAL STANDARD BOOK NUMBER
International Standard Book Number 0070448280
040 ## - CATALOGING SOURCE
Modifying agency BD-DhUET
Transcribing agency 0
082 0# - DEWEY DECIMAL CLASSIFICATION NUMBER
Classification number 660.2842
Item number MCC/1985
100 1# - MAIN ENTRY--PERSONAL NAME
Personal name McCabe, Warren L.
245 10 - TITLE STATEMENT
Title Unit operations of chemical engineering
250 ## - EDITION STATEMENT
Edition statement 4th ed.
260 ## - PUBLICATION, DISTRIBUTION, ETC. (IMPRINT)
Place of publication, distribution, etc. New York
Name of publisher, distributor, etc. McGraw-Hill
Date of publication, distribution, etc. 1985
300 ## - PHYSICAL DESCRIPTION
Extent x, 960 p.
Other physical details ill.
Dimensions 25 cm.
490 1# - SERIES STATEMENT
Series statement McGraw-Hill chemical engineering series
504 ## - BIBLIOGRAPHY, ETC. NOTE
Bibliography, etc Includes bibliographies
650 #0 - SUBJECT ADDED ENTRY--TOPICAL TERM
Topical term or geographic name as entry element Chemical Processer
700 1# - ADDED ENTRY--PERSONAL NAME
Personal name Smith, Julian C.
700 1# - ADDED ENTRY--PERSONAL NAME
Personal name Harriott, Peter.
942 ## - ADDED ENTRY ELEMENTS (KOHA)
Koha item type General Book
Holdings
Damaged status Piece designation (barcode) Koha full call number Withdrawn status Koha item type Shelving location Location (home branch) Sublocation or collection (holding branch) Source of classification or shelving scheme Koha date last seen Lost status Date acquired Koha date last borrowed Price effective from Not for loan Copy number Koha normalized classification for sorting Koha issues (times borrowed)
 72739660.2842/MCC/1985 General BookCirculation sectionCentral Library, BUETCentral Library, BUET 2016-10-23 2014-11-05 2014-11-05 1660_000000000000000_2842MCC198 
 77549660.2842/MCC/1985 General BookCirculation sectionCentral Library, BUETCentral Library, BUET 2014-11-05 2014-11-05 2014-11-05 2660_000000000000000_2842MCC198 
 77550660.2842/MCC/1985 General BookCirculation sectionCentral Library, BUETCentral Library, BUET 2018-12-04 2014-11-052018-11-142014-11-05 3660_000000000000000_2842MCC1982
 68731660.2842/MCC/1985 Reading ItemReading sectionCentral Library, BUETCentral Library, BUET 2015-07-01 2015-07-01 2015-07-01 4660_284200000000000_MCC_1985 
 73910660.2842 MCC/1985 Rental ItemRental sectionCentral Library, BUETCentral Library, BUET 2024-11-25 1989-06-27 2024-11-25 ৪/ক-১660_284200000000000_MCC_1985 
 73911660.2842 MCC/1985 Rental ItemRental sectionCentral Library, BUETCentral Library, BUET 2024-11-25 1989-06-27 2024-11-25 ৪/ক-২660_284200000000000_MCC_1985 
 73912660.2842 MCC/1985 Rental ItemRental sectionCentral Library, BUETCentral Library, BUET 2024-11-25 1989-06-27 2024-11-25 ৪/ক-৩660_284200000000000_MCC_1985 
 73913660.2842 MCC/1985 Rental ItemRental sectionCentral Library, BUETCentral Library, BUET 2024-11-25 1989-06-27 2024-11-25 ৪/ক-৪660_284200000000000_MCC_1985 
 73914660.2842 MCC/1985 Rental ItemRental sectionCentral Library, BUETCentral Library, BUET 2024-11-25 1989-06-27 2024-11-25 ৪/ক-৫660_284200000000000_MCC_1985 
 73915660.2842 MCC/1985 Rental ItemRental sectionCentral Library, BUETCentral Library, BUET 2024-11-25 1989-06-27 2024-11-25 ৪/ক-৬660_284200000000000_MCC_1985 
 73916660.2842 MCC/1985 Rental ItemRental sectionCentral Library, BUETCentral Library, BUET 2024-11-25 1989-06-27 2024-11-25 ৪/ক-৭660_284200000000000_MCC_1985 
 73917660.2842 MCC/1985 Rental ItemRental sectionCentral Library, BUETCentral Library, BUET 2024-11-25 1989-06-27 2024-11-25 ৪/ক-৮660_284200000000000_MCC_1985 
 73918660.2842 MCC/1985 Rental ItemRental sectionCentral Library, BUETCentral Library, BUET 2024-11-25 1989-06-27 2024-11-25 ৪/ক-৯660_284200000000000_MCC_1985 
 73919660.2842 MCC/1985 Rental ItemRental sectionCentral Library, BUETCentral Library, BUET 2024-11-25 1989-06-27 2024-11-25 ৪/ক-১০660_284200000000000_MCC_1985 
 73934660.2842 MCC/1985 Rental ItemRental sectionCentral Library, BUETCentral Library, BUET 2024-11-25 1989-06-27 2024-11-25 ৪/ক-২৫660_284200000000000_MCC_1985 
 73935660.2842 MCC/1985 Rental ItemRental sectionCentral Library, BUETCentral Library, BUET 2024-11-25 1989-06-27 2024-11-25 ৪/ক-২৬660_284200000000000_MCC_1985